Kendrick Lamar All Songs Quiz - Statistics

General Stats
  • This quiz has been taken 42 times
    38 since last reset
  • The average score is 84 of 176
Answer Stats
OVERLY DEDICATED HINTS % Correct
HUMBLE.
93%
u
93%
Wesley's Theory
93%
Alien Girl (Today W/ Her)
90%
DNA.
90%
gnx
90%
i
90%
LOVE.
90%
luther
90%
All The Stars
87%
Alright
87%
BLOOD.
87%
DUCKWORTH.
87%
gloria
87%
Good Kid
87%
M.A.A.D City
87%
Not Like Us
87%
PRIDE.
87%
tv off
87%
GOD.
83%
LOYALTY.
83%
LUST.
83%
Malcolm X
83%
Money Trees
83%
N95
83%
Sing About Me, Im Dying Of Thirst
83%
squabble up
83%
X ScHoolboy Q
83%
XXX.
83%
FEAR.
80%
King Kunta
80%
man at the garden
80%
Mortal Man
80%
peekaboo
80%
Poetic Justice
80%
Real
80%
Swimming Pools (Drank)
80%
United In Grief
80%
Bitch Dont Kill My Vibe
77%
FEEL.
77%
hey now
77%
reincarnated
77%
The Blacker The Berry
77%
These Walls
77%
wacced out murals
77%
YAH.
77%
ADHD
73%
Compton
73%
Euphoria
73%
For Free? - Interlude
73%
Like That Future, Metro Boomin
73%
Sherane AKA Master Splinter's Daughter
73%
dodger blue
70%
ELEMENT.
70%
Family Ties Baby Keem
70%
Father Time
70%
For Sale? - Interlude
70%
Meet The Grahams
70%
Rigamortus
70%
Silent Hill
70%
The Art Of Peer Pressure
70%
30 for 30 SZA
67%
Auntie Diaries
67%
Backseat Freestyle
67%
Collard Greens ScHoolboy Q
67%
Count Me Out
67%
Institutionalized
67%
Mr. Morale
67%
Pray
67%
Purple Hearts
67%
The Heart Part 5
67%
Fuck Your Ethnicity
63%
heart pt. 6
63%
Mirror
63%
Momma
63%
Savior
63%
Die Hard
60%
HiiiPower
60%
Hood Politics
60%
How Much A Dollar Cost
60%
Mother I Sober
60%
Worldwide Steppers
60%
6:16 In LA
57%
Bad Blood Taylor Swift
57%
Complexion (A Zulu Love)
57%
Hol' Up
57%
Rich Spirit
57%
Savior - Interlude
57%
We Cry Together
57%
Goosebumps Travis Scott
53%
Keisha's Song (Her Pain)
53%
No Make-Up (Her Vice)
53%
Tammy's Song (Her Evils)
53%
Ab-Souls Outro
50%
Barbed Wire
50%
Michael Jordan
50%
Ronald Reagan Era
50%
You Aint Gotta Lie (Momma Said)
50%
Crown
47%
Rich - Interlude
47%
Chapter Six
43%
Good Credit Playboi Carti
43%
King's Dead
43%
range brothers Baby Keem
43%
Bitch Dont Kill My Vibe - Remix
40%
Chapter Ten
40%
Pray For Me
40%
Black Panther
37%
Kush & Corinthians
37%
Now Or Never - Bonus Track
37%
The Hillbillies Baby Keem
37%
The Recipe - Bonus Track
37%
Average Joe
33%
Black Boy Fly - Bonus Track
33%
Blow My High (Members Only)
33%
P&P1.5
33%
Backdoor Playboi Carti
30%
Fuckin' Problems A$AP Rocky, Drake, 2 Chainz
30%
Poe Mans Dreams (His Vice)
30%
Big Shot
27%
Cartoons & Cereal
27%
Doves In The Wind SZA
27%
Growing Apart (To Get Closer)
27%
Ignorance Is Bliss
27%
Bodies
23%
County Building Blues
23%
Babylon SZA
20%
Forbidden Fruit J Cole
20%
H.O.C
20%
R.O.T.C
20%
Sidewalks The Weeknd
20%
Im Better
17%
Opposites Attract (Tomorrow W/O Her)
17%
She Needs Me (Remix)
17%
The Recipe (Black Hippy Remix) - Bonus Track
17%
Collect Calls
13%
Mask Off - Remix Future
13%
Stay Ready Jhene Aiko
13%
Cut You Off (To Grow Closer)
10%
Easy Bake SZA
7%
Two Presidents
7%
Abortion Money
3%
Click Clack
3%
Loved One/Loved Ones/Redemption
3%
My People
3%
Not For Sale
3%
Somebody
3%
Untitled 04 SZA
3%
100 Bands
0%
Basquet
0%
Bloody Hands
0%
Bullies
0%
Butterflies
0%
Buzz/Buzzed/Drunk
0%
Celebrations
0%
Dead Homies
0%
Dear Moleskin/Little Johnny
0%
Determind
0%
Hard Body
0%
John
0%
Last Real N*gga Alive
0%
Look Out For Detox
0%
Money Without Me
0%
My Mind Drifts
0%
No Way
0%
Overthink
0%
Prelude
0%
Push Thru
0%
Push Thru - Instrumental
0%
Swimming Pools (Drank) [Black Hippy Remix]
0%
The Mantra
0%
Today
0%
Tranquilizer
0%
Wanna Be Heard
0%
Westside, Right On Time
0%
World Negatives
0%
No matching quizzes found
Score Distribution
Percent of People with Each Score
Percentile by Number Answered
Your Score History
You have not taken this quiz since the last reset